USFL Teams - Statistics

General Stats
  • This quiz has been taken 89 times
  • The average score is 7 of 8
Answer Stats
Answer % Correct
Birmingham Stallions
95%
New Jersey Generals
85%
Houston Gamblers
84%
New Orleans Breakers
84%
Philadelphia Stars
84%
Michigan Panthers
82%
Pittsburgh Maulers
77%
Tampa Bay Bandits
70%
No matching quizzes found
Score Distribution
Percent of People with Each Score
Percentile by Number Answered
Your Score History
You have not taken this quiz